| 000 | 01257nac a22003011u 4500 | ||
|---|---|---|---|
| 008 | 111013t xxu||||| |||| 00| 0 eng d | ||
| 010 | _a 2005295417 | ||
| 020 | _a0199299242 | ||
| 020 | _a9780199299249 | ||
| 035 | _a(OCoLC)ocm56463480 | ||
| 082 | 0 | 0 |
_a331 _222 _bOXF |
| 100 |
_a20080729 _927529 |
||
| 245 | 0 | 4 |
_aThe Oxford handbook of work and organization / _cedited by Stephen Ackroyd ... [et al.]. |
| 246 | 3 | 0 | _awork and organization |
| 260 |
_aOxford ; _aNew York : _bOxford University Press,2005. _c2005. |
||
| 300 |
_axxi, 655 p. ; _c26 cm. |
||
| 504 | _aIncludes bibliographical references and index. | ||
| 650 | 0 |
_aLabor. _927530 |
|
| 650 | 0 |
_aOrganization. _927531 |
|
| 700 | 1 |
_aAckroyd, Stephen.[ed] _927532 |
|
| 700 | 1 |
_aBatt, Rosemary [ed] _927533 |
|
| 700 | 1 |
_aThompson, Paul [ed] _927534 |
|
| 700 | 1 |
_aTolbert, Pamela S. _927535 |
|
| 856 | 4 | 1 |
_3Table of contents only _uhttp://www.loc.gov/catdir/toc/fy053/2005295417.html |
| 856 | 4 | 1 |
_3Publisher description _uhttp://www.loc.gov/catdir/enhancements/fy0627/2005295417-d.html |
| 942 |
_cREFERENCE _k331 OXF _2ddc |
||
| 999 |
_c5130 _d5130 |
||